[Event "Olimpiada Dresden 2008 Femenina"]
[Site "Dresden GER"]
[Date "2008.11.21"]
[Round "8.50"]
[White "Aguilar, Filipina"]
[Black "Nakagawa, Emiko"]
[Result "1-0"]
[WhiteElo "1835"]
[BlackElo "1860"]
[PlyCount "77"]
[EventDate "2008.11.13"]
[EventType "team-tourn"]
[EventRounds "11"]
[EventCountry "GER"]
[Source "lmi"]
[SourceDate "2008.11.13"]
[WhiteTeam "Malta"]
[BlackTeam "Japón"]
[WhiteTeamCountry "MLT"]
[BlackTeamCountry "JPN"]

1. d4 d5 2. c4 c6 3. g3 dxc4 4. Bg2 Nf6 5. Nf3 b5 6. a4 Bb7 7. Ne5 a6 8. O-O e6
9. Bg5 Be7 10. Nc3 Qb6 11. Ne4 Nxe4 12. Bxe7 Kxe7 13. Bxe4 h6 14. e3 Nd7 15. f4
Nf6 16. Bg2 Rhd8 17. g4 Nd5 18. Qf3 Rf8 19. f5 Bc8 20. fxe6 Bxe6 21. axb5 cxb5
22. Kh1 Rac8 23. e4 Nf6 24. d5 Bd7 25. Rae1 Rce8 26. Nxd7 Nxd7 27. e5 Kd8 28.
d6 Qc5 29. Qa8+ Qc8 30. Qa7 Nc5 31. Qb6+ Kd7 32. g5 hxg5 33. Bh3+ Ne6 34. Qa7+
Kd8 35. Rxf7 Rxf7 36. Qxf7 Qd7 37. Qf2 Qb7+ 38. Bg2 Qc8 39. Qb6+ 1-0

[Event "Olimpiada Dresden 2008 Femenina"]
[Site "Dresden GER"]
[Date "2008.11.21"]
[Round "8.50"]
[White "Uchida, Narumi"]
[Black "Pulpan, Oana"]
[Result "1-0"]
[WhiteElo "1822"]
[BlackElo "1682"]
[PlyCount "71"]
[EventDate "2008.11.13"]
[EventType "team-tourn"]
[EventRounds "11"]
[EventCountry "GER"]
[Source "lmi"]
[SourceDate "2008.11.13"]
[WhiteTeam "Japón"]
[BlackTeam "Malta"]
[WhiteTeamCountry "JPN"]
[BlackTeamCountry "MLT"]

1. e4 c5 2. Nf3 g6 3. d4 Bg7 4. d5 d6 5. Bb5+ Bd7 6. a4 a6 7. Bxd7+ Nxd7 8. a5
b5 9. axb6 Qxb6 10. Nc3 Ne5 11. O-O Nc4 12. Na4 Qb5 13. Qd3 Nb6 14. Nxb6 Qxb6
15. Nd2 Nf6 16. Nc4 Qc7 17. Bd2 O-O 18. Bc3 Nd7 19. Ra3 Rfb8 20. Rfa1 Qc8 21.
Bxg7 Kxg7 22. b3 f6 23. f4 Rb4 24. Na5 Nb8 25. Nc4 Ra7 26. Qc3 Qd8 27. e5 dxe5
28. fxe5 Qxd5 29. exf6+ exf6 30. Ra5 Rd7 31. Ne3 Qe6 32. Rxc5 Re4 33. Re1 Re7
34. Rc7 Nd7 35. Rc6 Rxe3 36. Rxe6 1-0

[Event "Olimpiada Dresden 2008 Femenina"]
[Site "Dresden GER"]
[Date "2008.11.21"]
[Round "8.51"]
[White "Da Bosco, Carla"]
[Black "Safar, Alshaymaa"]
[Result "1-0"]
[WhiteElo "1966"]
[BlackElo "1559"]
[PlyCount "67"]
[EventDate "2008.11.13"]
[EventType "team-tourn"]
[EventRounds "11"]
[EventCountry "GER"]
[Source "lmi"]
[SourceDate "2008.11.13"]
[WhiteTeam "Costa Rica"]
[BlackTeam "Qatar"]
[WhiteTeamCountry "CRI"]
[BlackTeamCountry "QAT"]

1. d4 d5 2. c4 Nc6 3. e3 e5 4. cxd5 Qxd5 5. Nc3 Bb4 6. a3 Bxc3+ 7. bxc3 Nf6 8.
Nf3 O-O 9. Be2 Ne4 10. Bb2 exd4 11. exd4 Na5 12. Ne5 b5 13. a4 f6 14. Nd3 Nc4
15. Qc2 Ned2 16. Nf4 Qg5 17. Bc1 Bf5 18. Qa2 Qxf4 19. axb5 Rfe8 20. Bxd2 Rxe2+
21. Kxe2 Qg4+ 22. Kf1 Bd3+ 23. Kg1 Kf8 24. h3 Qg6 25. Re1 Re8 26. Kh2 Nd6 27.
Rxe8+ Qxe8 28. Re1 Qxb5 29. Qxa7 Qc6 30. Bf4 Be4 31. Qc5 Bxg2 32. Qxc6 Bxc6 33.
Bxd6+ cxd6 34. Re6 1-0

[Event "Olimpiada Dresden 2008 Femenina"]
[Site "Dresden GER"]
[Date "2008.11.21"]
[Round "8.51"]
[White "Safar, Reem"]
[Black "Trejos PÃ©rez, Shirley Patricia"]
[Result "0-1"]
[WhiteElo "1719"]
[BlackElo "2052"]
[PlyCount "86"]
[EventDate "2008.11.13"]
[EventType "team-tourn"]
[EventRounds "11"]
[EventCountry "GER"]
[Source "lmi"]
[SourceDate "2008.11.13"]
[WhiteTeam "Qatar"]
[BlackTeam "Costa Rica"]
[WhiteTeamCountry "QAT"]
[BlackTeamCountry "CRI"]

1. d4 f5 2. Nc3 Nf6 3. Bg5 e6 4. e4 fxe4 5. Nxe4 Be7 6. Bxf6 Bxf6 7. Nf3 O-O 8.
Bd3 Nc6 9. Nxf6+ Qxf6 10. Qd2 d5 11. O-O-O e5 12. dxe5 Nxe5 13. Nxe5 Qxe5 14.
Rhe1 Qf6 15. Re2 c6 16. Rde1 Bf5 17. f3 Bxd3 18. Qxd3 Qf4+ 19. Kb1 Qxh2 20. a3
Qh5 21. Qe3 h6 22. Qd4 Qg6 23. Qf2 b6 24. Re6 Rf6 25. Qe2 Rxe6 26. Qxe6+ Qxe6
27. Rxe6 c5 28. Kc1 Kf7 29. Re5 Rd8 30. Kd2 Kf6 31. f4 Rd6 32. g4 d4 33. b4 c4
34. c3 d3 35. Rh5 Re6 36. Rh2 Re4 37. g5+ hxg5 38. fxg5+ Kxg5 39. Rg2+ Kf6 40.
Rf2+ Ke6 41. Rg2 Re2+ 42. Rxe2+ dxe2 43. Kxe2 Ke5 0-1

[Event "Olimpiada Dresden 2008 Femenina"]
[Site "Dresden GER"]
[Date "2008.11.23"]
[Round "10.1"]
[White "Maric, Alisa"]
[Black "Lahno, Kateryna"]
[Result "1/2-1/2"]
[WhiteElo "2405"]
[BlackElo "2488"]
[PlyCount "78"]
[EventDate "2008.11.13"]
[EventType "team-swiss"]
[EventRounds "11"]
[EventCountry "GER"]
[Source "lmi"]
[SourceDate "2008.11.13"]
[WhiteTeam "SRB"]
[BlackTeam "Ucrania"]
[BlackTeamCountry "UKR"]

1. Nf3 Nf6 2. c4 g6 3. g3 Bg7 4. Bg2 d5 5. cxd5 Nxd5 6. d4 Nb6 7. Nc3 Nc6 8. e3
O-O 9. O-O Re8 10. d5 Na5 11. Nd4 Bd7 12. e4 c6 13. Re1 cxd5 14. exd5 Rc8 15.
Bf4 Nac4 16. b3 Nd6 17. Qd2 Nf5 18. Nde2 Na8 19. Rac1 Qa5 20. Ne4 Qxd2 21. Bxd2
Bb2 22. Rxc8 Rxc8 23. Bc3 Bxc3 24. N4xc3 Nc7 25. Rc1 Kf8 26. f4 Na6 27. Nd1 Nb4
28. Rxc8+ Bxc8 29. Nec3 Ke8 30. Kf2 b6 31. Be4 Nd6 32. Bf3 Ba6 33. Ke3 Nf5+ 34.
Kd2 Nd4 35. Be4 Bc8 36. Ke3 Nf5+ 37. Kd2 Nd4 38. Ke3 Nf5+ 39. Kd2 Nd4 1/2-1/2

[Event "Olimpiada Dresden 2008 Femenina"]
[Site "Dresden GER"]
[Date "2008.11.23"]
[Round "10.1"]
[White "Zhukova, Natalia"]
[Black "Bojkovic, Natasa"]
[Result "1/2-1/2"]
[WhiteElo "2488"]
[BlackElo "2420"]
[PlyCount "56"]
[EventDate "2008.11.13"]
[EventType "team-swiss"]
[EventRounds "11"]
[EventCountry "GER"]
[Source "lmi"]
[SourceDate "2008.11.13"]
[WhiteTeam "Ucrania"]
[BlackTeam "SRB"]
[WhiteTeamCountry "UKR"]

1. d4 Nf6 2. c4 e6 3. Nf3 b6 4. g3 Bb4+ 5. Bd2 Bxd2+ 6. Nbxd2 Bb7 7. Bg2 c5 8.
e4 cxd4 9. Nxd4 d6 10. O-O O-O 11. b4 a6 12. a4 Qc7 13. Qb3 Nc6 14. Nxc6 Bxc6
15. Rfd1 Nd7 16. Nf1 Rfd8 17. Ne3 a5 18. b5 Bb7 19. Rd2 Nc5 20. Qc2 Rd7 21.
Rad1 Rad8 22. h4 Qb8 23. Kh2 Qa8 24. f3 Qb8 25. Bh3 Qc7 26. Bg2 Qb8 27. Bh3 Qc7
28. Bg2 Qb8 1/2-1/2

[Event "Olimpiada Dresden 2008 Femenina"]
[Site "Dresden GER"]
[Date "2008.11.23"]
[Round "10.1"]
[White "Zdebskaja, Natalia"]
[Black "Chelushkina, Irina"]
[Result "1/2-1/2"]
[WhiteElo "2419"]
[BlackElo "2360"]
[PlyCount "99"]
[EventDate "2008.11.13"]
[EventType "team-swiss"]
[EventRounds "11"]
[EventCountry "GER"]
[Source "lmi"]
[SourceDate "2008.11.13"]
[WhiteTeam "Ucrania"]
[BlackTeam "SRB"]
[WhiteTeamCountry "UKR"]

1. e4 c5 2. Nf3 Nc6 3. Nc3 d6 4. d4 cxd4 5. Nxd4 Nf6 6. Be2 e5 7. Nf3 h6 8. O-O
Be7 9. Re1 O-O 10. h3 Be6 11. Bf1 Rb8 12. Nd5 b5 13. a4 b4 14. Bb5 Bd7 15.
Nxf6+ Bxf6 16. Qxd6 Qc8 17. Qd3 Rd8 18. Qe2 Be6 19. Be3 Qc7 20. Bc5 a5 21. Rad1
Ne7 22. Be3 Rxd1 23. Rxd1 Ng6 24. Rd2 Be7 25. Qd1 Qb7 26. Qe2 b3 27. cxb3 Bb4
28. Rd1 Bxb3 29. Rd3 Be6 30. Rd1 Qxe4 31. Bd3 Qc6 32. Bxg6 fxg6 33. Nxe5 Qxa4
34. Nxg6 Re8 35. Rc1 Qd7 36. Nf4 Bf7 37. Qf3 Rc8 38. Rxc8+ Qxc8 39. Nd5 Bf8 40.
Nc3 Qb8 41. Bc1 Bd6 42. Qg4 h5 43. Qd7 Be5 44. Ne4 Qe8 45. Qxe8+ Bxe8 46. Kf1
Bb5+ 47. Ke1 Bc6 48. f3 Kf7 49. Ke2 a4 50. Ke3 1/2-1/2

[Event "Olimpiada Dresden 2008 Femenina"]
[Site "Dresden GER"]
[Date "2008.11.23"]
[Round "10.2"]
[White "Perena, Catherine"]
[Black "Paehtz, Elisabeth"]
[Result "0-1"]
[WhiteElo "2210"]
[BlackElo "2471"]
[PlyCount "90"]
[EventDate "2008.11.13"]
[EventType "team-swiss"]
[EventRounds "11"]
[EventCountry "GER"]
[Source "lmi"]
[SourceDate "2008.11.13"]
[WhiteTeam "Filipinas"]
[BlackTeam "Alemania"]
[WhiteTeamCountry "PHI"]
[BlackTeamCountry "GER"]

1. d4 e6 2. c4 Bb4+ 3. Bd2 a5 4. Nf3 d6 5. e3 Nf6 6. Bd3 Nc6 7. Nc3 e5 8. dxe5
dxe5 9. Qc2 h6 10. h3 Qe7 11. a3 Bxc3 12. Bxc3 a4 13. O-O O-O 14. Rfe1 Re8 15.
e4 Nd7 16. Bf1 Nc5 17. Rad1 b6 18. Qe2 Bb7 19. Qe3 Nb3 20. g3 Qc5 21. Rd7 Qxe3
22. Rxe3 Rac8 23. Rd1 f6 24. Be2 Nc5 25. Nd2 Rcd8 26. Rc1 Rd6 27. f3 Red8 28.
Nb1 Nd4 29. Bb4 Ncb3 30. Rf1 c5 31. Be1 Nxe2+ 32. Rxe2 Ba6 33. Rc2 Nd4 34. Rd2
Bxc4 35. Rff2 b5 36. Kg2 b4 37. Rd1 Nxf3 38. Rc1 Nxe1+ 39. Rxe1 Rd1 40. Rxd1
Rxd1 41. Nd2 Bd3 42. axb4 cxb4 43. Kf3 a3 44. bxa3 bxa3 45. Ke3 a2 0-1

[Event "Olimpiada Dresden 2008 Femenina"]
[Site "Dresden GER"]
[Date "2008.11.23"]
[Round "10.2"]
[White "Kachiani-Gersinska, Ketino"]
[Black "Cua, Shercila"]
[Result "1-0"]
[WhiteElo "2371"]
[BlackElo "2154"]
[PlyCount "43"]
[EventDate "2008.11.13"]
[EventType "team-swiss"]
[EventRounds "11"]
[EventCountry "GER"]
[Source "lmi"]
[SourceDate "2008.11.13"]
[WhiteTeam "Alemania"]
[BlackTeam "Filipinas"]
[WhiteTeamCountry "GER"]
[BlackTeamCountry "PHI"]

1. d4 d5 2. c4 c6 3. Nf3 Nf6 4. e3 Bf5 5. Nc3 e6 6. Nh4 Be4 7. f3 Bg6 8. Qb3
Qc7 9. Bd2 Bd6 10. cxd5 exd5 11. O-O-O Nbd7 12. e4 dxe4 13. Nxg6 hxg6 14. fxe4
Be7 15. Bc4 O-O-O 16. Bxf7 Nf8 17. g3 Ng4 18. Bf4 Qd7 19. e5 Qc7 20. d5 cxd5
21. Kb1 Qc4 22. Nxd5 1-0

[Event "Olimpiada Dresden 2008 Femenina"]
[Site "Dresden GER"]
[Date "2008.11.23"]
[Round "10.2"]
[White "Camacho, Chardine Cheradee"]
[Black "Michna, Marta"]
[Result "1-0"]
[WhiteElo "2100"]
[BlackElo "2399"]
[PlyCount "107"]
[EventDate "2008.11.13"]
[EventType "team-swiss"]
[EventRounds "11"]
[EventCountry "GER"]
[Source "lmi"]
[SourceDate "2008.11.13"]
[WhiteTeam "Filipinas"]
[BlackTeam "Alemania"]
[WhiteTeamCountry "PHI"]
[BlackTeamCountry "GER"]

1. e4 g6 2. d4 Bg7 3. Nc3 d6 4. Nf3 e6 5. Be3 a6 6. a4 b6 7. Be2 Nd7 8. O-O Bb7
9. Nd2 Ne7 10. f4 d5 11. exd5 Nf5 12. Bf2 exd5 13. Nf3 O-O 14. Bd3 Nd6 15. Ne5
Qc8 16. Bh4 Re8 17. Ne2 a5 18. c3 Ba6 19. Bxa6 Rxa6 20. Ng3 f6 21. Nd3 Ra8 22.
Qf3 c6 23. Rfe1 Nc4 24. Nf1 Nd6 25. Nd2 Rxe1+ 26. Rxe1 Qf8 27. g4 Re8 28. Rxe8
Qxe8 29. f5 Bh6 30. Nf1 gxf5 31. gxf5 Kh8 32. Bg3 Qe4 33. Qxe4 dxe4 34. Bxd6
exd3 35. Kf2 b5 36. axb5 cxb5 37. Bc7 a4 38. Ne3 Kg8 39. Kf3 Kf7 40. Ke4 d2 41.
Nd1 Bf8 42. Kd3 Bh6 43. c4 bxc4+ 44. Kxc4 Bf8 45. Kc3 a3 46. bxa3 Bxa3 47. Kxd2
Kg7 48. Kd3 Kh6 49. Ke4 Kg5 50. Ne3 Bc1 51. Nd5 Kg4 52. Nb6 Nf8 53. d5 Ng6 54.
d6 1-0

[Event "Olimpiada Dresden 2008 Femenina"]
[Site "Dresden GER"]
[Date "2008.11.23"]
[Round "10.2"]
[White "Ohme, Melanie"]
[Black "Bernales, Christy Lamiel"]
[Result "1-0"]
[WhiteElo "2237"]
[BlackElo "1998"]
[PlyCount "61"]
[EventDate "2008.11.13"]
[EventType "team-swiss"]
[EventRounds "11"]
[EventCountry "GER"]
[Source "lmi"]
[SourceDate "2008.11.13"]
[WhiteTeam "Alemania"]
[BlackTeam "Filipinas"]
[WhiteTeamCountry "GER"]
[BlackTeamCountry "PHI"]

1. e4 e6 2. d4 d5 3. Nc3 Nf6 4. e5 Nfd7 5. f4 c5 6. Nf3 Nc6 7. Be3 Qb6 8. Na4
Qa5+ 9. c3 cxd4 10. b4 Qc7 11. Nxd4 a6 12. Qd2 b5 13. Nb2 Nb6 14. a4 Nc4 15.
Nxc4 bxc4 16. Be2 Bd7 17. O-O g6 18. g4 Bg7 19. Nxc6 Bxc6 20. Bc5 Bf8 21. Qe3
Rb8 22. Bd4 Rg8 23. Kh1 Bd7 24. Bf3 Qb7 25. Bg2 Be7 26. Qh3 Rh8 27. f5 g5 28.
Qh6 Bd8 29. a5 Qc6 30. Bc5 Be7 31. Bxe7 1-0

[Event "Olimpiada Dresden 2008 Femenina"]
[Site "Dresden GER"]
[Date "2008.11.23"]
[Round "10.3"]
[White "Danielian, Elina"]
[Black "Socko, Monika"]
[Result "1/2-1/2"]
[WhiteElo "2513"]
[BlackElo "2434"]
[PlyCount "129"]
[EventDate "2008.11.13"]
[EventType "team-swiss"]
[EventRounds "11"]
[EventCountry "GER"]
[Source "lmi"]
[SourceDate "2008.11.13"]
[WhiteTeam "Armenia"]
[BlackTeam "Polonia"]
[WhiteTeamCountry "ARM"]
[BlackTeamCountry "POL"]

1. Nf3 Nf6 2. c4 g6 3. g3 Bg7 4. Bg2 d6 5. d4 O-O 6. O-O a6 7. Nc3 Nc6 8. Qd3
Bd7 9. d5 Nb4 10. Qd1 a5 11. e4 Bg4 12. Be3 c6 13. Qd2 Nd7 14. a3 Na6 15. Rab1
Nac5 16. dxc6 bxc6 17. b4 axb4 18. axb4 Bxf3 19. Bxf3 Ra3 20. bxc5 Rxc3 21.
cxd6 Ne5 22. Be2 Qxd6 23. Qxd6 exd6 24. Rfc1 Rxc1+ 25. Rxc1 c5 26. Rd1 Nc6 27.
Rxd6 Nd4 28. Bf1 f5 29. Bd3 Nf3+ 30. Kg2 Ne1+ 31. Kf1 Nxd3 32. Rxd3 fxe4 33.
Rd5 Rf5 34. Rxc5 Bf8 35. Rc7 Bd6 36. Rc6 Be5 37. Rc5 h5 38. h3 Bf6 39. Ke2 Kf7
40. g4 Rxc5 41. Bxc5 hxg4 42. hxg4 Bg5 43. Kd1 Ke6 44. Kc2 Kd7 45. Kc3 Kc6 46.
Be3 Bf6+ 47. Kb4 Be7+ 48. c5 Bf6 49. Kc4 Bg7 50. Bf4 Bf6 51. g5 Bb2 52. Bd6 Bc1
53. Kd4 Bxg5 54. Kxe4 Bh4 55. f3 Bf6 56. Kf4 Kd5 57. Bf8 Bd8 58. Bd6 Bf6 59.
Kg4 Bd8 60. Kg3 Bf6 61. Kf4 Bd8 62. Ke3 Bf6 63. Kd3 Bd4 64. c6 Kxc6 65. Kxd4
1/2-1/2

[Event "Olimpiada Dresden 2008 Femenina"]
[Site "Dresden GER"]
[Date "2008.11.23"]
[Round "10.3"]
[White "Rajlich, Iweta"]
[Black "Mkrtchian, Lilit"]
[Result "0-1"]
[WhiteElo "2404"]
[BlackElo "2443"]
[PlyCount "126"]
[EventDate "2008.11.13"]
[EventType "team-swiss"]
[EventRounds "11"]
[EventCountry "GER"]
[Source "lmi"]
[SourceDate "2008.11.13"]
[WhiteTeam "Polonia"]
[BlackTeam "Armenia"]
[WhiteTeamCountry "POL"]
[BlackTeamCountry "ARM"]

1. d4 d5 2. c4 e6 3. Nc3 Be7 4. Nf3 Nf6 5. Qc2 O-O 6. Bg5 b6 7. cxd5 exd5 8. e3
Bb7 9. Be2 Nbd7 10. O-O a6 11. Rac1 Nh5 12. Bxe7 Qxe7 13. Qf5 g6 14. Qg5 Qd6
15. Ne1 Nhf6 16. Qg3 Qxg3 17. hxg3 c5 18. dxc5 bxc5 19. Nc2 a5 20. Rfd1 Rfd8
21. Na4 Rac8 22. Na1 c4 23. b3 Bc6 24. Nb2 a4 25. Rd4 Rb8 26. Nd1 Ne5 27. f4
Neg4 28. b4 Rxb4 29. e4 h5 30. Nc3 Rbb8 31. exd5 Nxd5 32. Nxd5 Bxd5 33. Bxg4
hxg4 34. Rcd1 Rb2 35. Rxd5 Rxd5 36. Rxd5 Rb1+ 37. Kf2 Rxa1 38. Rd2 Rc1 39. Ke3
Rc3+ 40. Kd4 Rxg3 41. Kxc4 Kg7 42. Kd4 f5 43. Re2 Kf6 44. Rb2 Ra3 45. Rc2 Kg7
46. Re2 Kh6 47. Ke5 Kh5 48. Kf6 g3 49. Rc2 Rd3 50. Rc4 Rd6+ 51. Kg7 Rd2 52. Rc6
Kg4 53. Rxg6+ Kxf4 54. Ra6 Rxa2 55. Kg6 Ke3 56. Kxf5 Kf2 57. Kg4 Kxg2 58. Ra8
a3 59. Ra4 Kh2 60. Kf3 Rf2+ 61. Ke3 a2 62. Ra8 Kg1 63. Ra7 g2 0-1

[Event "Olimpiada Dresden 2008 Femenina"]
[Site "Dresden GER"]
[Date "2008.11.23"]
[Round "10.3"]
[White "Aginian, Nelly"]
[Black "Zawadzka, Jolanta"]
[Result "0-1"]
[WhiteElo "2325"]
[BlackElo "2378"]
[PlyCount "70"]
[EventDate "2008.11.13"]
[EventType "team-swiss"]
[EventRounds "11"]
[EventCountry "GER"]
[Source "lmi"]
[SourceDate "2008.11.13"]
[WhiteTeam "Armenia"]
[BlackTeam "Polonia"]
[WhiteTeamCountry "ARM"]
[BlackTeamCountry "POL"]

1. e4 e5 2. Nf3 Nc6 3. Bb5 a6 4. Ba4 Nf6 5. d3 b5 6. Bb3 Bb7 7. Nc3 Be7 8. O-O
O-O 9. Nd5 Na5 10. Nxe7+ Qxe7 11. Bg5 Nxb3 12. axb3 h6 13. Bh4 Qe6 14. Bg3 d6
15. Nh4 d5 16. exd5 Qxd5 17. Re1 Rfe8 18. Qf3 e4 19. dxe4 Rxe4 20. Rxe4 Nxe4
21. Nf5 Re8 22. Bxc7 Qc5 23. Qf4 g5 24. b4 Qc6 25. Qg4 Qxc7 26. Nxh6+ Kf8 27.
Qh5 Re6 28. Nf5 Qe5 29. Rd1 Nd6 30. Ne3 Kg7 31. h3 Rg6 32. Qe2 Nc4 33. Rd7 Nxe3
34. fxe3 Bc6 35. Ra7 Bd5 0-1

[Event "Olimpiada Dresden 2008 Femenina"]
[Site "Dresden GER"]
[Date "2008.11.23"]
[Round "10.3"]
[White "Majdan, Joanna"]
[Black "Galojan, Lilit"]
[Result "1-0"]
[WhiteElo "2284"]
[BlackElo "2305"]
[PlyCount "67"]
[EventDate "2008.11.13"]
[EventType "team-swiss"]
[EventRounds "11"]
[EventCountry "GER"]
[Source "lmi"]
[SourceDate "2008.11.13"]
[WhiteTeam "Polonia"]
[BlackTeam "Armenia"]
[WhiteTeamCountry "POL"]
[BlackTeamCountry "ARM"]

1. e4 e5 2. Nf3 Nc6 3. Bb5 a6 4. Ba4 Nf6 5. O-O Be7 6. Re1 b5 7. Bb3 O-O 8. a4
Bb7 9. Nc3 b4 10. Nd5 Na5 11. Nxe7+ Qxe7 12. d3 Nxb3 13. cxb3 d6 14. Bg5 Qe6
15. Rc1 c5 16. Nh4 Nd7 17. Nf5 f6 18. Bh6 Rf7 19. Re3 g6 20. Rg3 Kh8 21. Qg4
Rg8 22. h4 Bc8 23. h5 g5 24. d4 exd4 25. f4 d5 26. fxg5 Ne5 27. Qh4 fxg5 28.
Bxg5 dxe4 29. Nh6 Rgf8 30. Nxf7+ Rxf7 31. Rxc5 Bd7 32. Qxe4 h6 33. Rxe5 Qb6 34.
Re8+ 1-0

[Event "Olimpiada Dresden 2008 Femenina"]
[Site "Dresden GER"]
[Date "2008.11.23"]
[Round "10.4"]
[White "Hou, Yifan"]
[Black "Chiburdanidze, Maia"]
[Result "0-1"]
[WhiteElo "2578"]
[BlackElo "2489"]
[PlyCount "108"]
[EventDate "2008.11.13"]
[EventType "team-swiss"]
[EventRounds "11"]
[EventCountry "GER"]
[Source "lmi"]
[SourceDate "2008.11.13"]
[WhiteTeam "China"]
[BlackTeam "Georgia"]
[WhiteTeamCountry "CHN"]
[BlackTeamCountry "GEO"]

1. e4 c6 2. d4 d5 3. exd5 cxd5 4. c4 Nf6 5. Nc3 e6 6. Nf3 Bb4 7. cxd5 Nxd5 8.
Qc2 Nc6 9. Bd3 h6 10. O-O Nf6 11. Be3 O-O 12. Rac1 Bd6 13. Qe2 b6 14. Rfd1 Bb7
15. Bb1 Qe7 16. a3 Rfd8 17. Nd2 Nb8 18. Nde4 Nbd7 19. Re1 Rac8 20. Rcd1 Nxe4
21. Nxe4 Bxh2+ 22. Kxh2 Bxe4 23. Bxe4 Qh4+ 24. Kg1 Qxe4 25. Qa6 Qa8 26. Bf4 Nf8
27. Bg3 Rd7 28. Qd3 Qd5 29. Re2 Ng6 30. Red2 Rcd8 31. Qc3 Ne7 32. Bf4 Nf5 33.
f3 Qb7 34. g4 Ne7 35. Bg3 Rd5 36. Bh4 Rc8 37. Qe3 Ng6 38. Bg3 Qd7 39. Kg2 Rd8
40. Be1 h5 41. gxh5 Rxh5 42. Bg3 Rd5 43. Be1 Ne7 44. Bf2 e5 45. Qe4 Nf5 46. Bh4
f6 47. Bf2 exd4 48. Rd3 Re8 49. Qf4 Re2 50. Kf1 Rxb2 51. Qb8+ Kf7 52. Rc1 Ne7
53. Qg3 Qb5 54. Rcd1 Rb1 0-1

[Event "Olimpiada Dresden 2008 Femenina"]
[Site "Dresden GER"]
[Date "2008.11.23"]
[Round "10.4"]
[White "Lomineishvili, Maia"]
[Black "Ju, Wenjun"]
[Result "0-1"]
[WhiteElo "2437"]
[BlackElo "2397"]
[PlyCount "66"]
[EventDate "2008.11.13"]
[EventType "team-swiss"]
[EventRounds "11"]
[EventCountry "GER"]
[Source "lmi"]
[SourceDate "2008.11.13"]
[WhiteTeam "Georgia"]
[BlackTeam "China"]
[WhiteTeamCountry "GEO"]
[BlackTeamCountry "CHN"]

1. e4 c5 2. Nf3 d6 3. d4 cxd4 4. Qxd4 a6 5. Be3 Nf6 6. Nc3 Ng4 7. O-O-O Nc6 8.
Qb6 Nxe3 9. Qxe3 e6 10. h4 b5 11. Kb1 Bd7 12. h5 h6 13. g4 Be7 14. Rg1 Qa5 15.
g5 hxg5 16. Nxg5 b4 17. Ne2 Rxh5 18. f4 Bxg5 19. fxg5 Qe5 20. g6 f6 21. Bg2 Ke7
22. Nf4 Rg5 23. Rh1 Rg4 24. Rh7 Rg8 25. Rf1 Qd4 26. Qe2 Ne5 27. Rd1 Qc5 28. Nh5
Rxg6 29. Bh3 Rg1 30. Nf4 Nc4 31. Bg2 Qe3 32. Ng6+ Kd8 33. Qh5 Rh8 0-1

[Event "Olimpiada Dresden 2008 Femenina"]
[Site "Dresden GER"]
[Date "2008.11.23"]
[Round "10.5"]
[White "Zatonskih, Anna"]
[Black "Gevorgyan, Irina"]
[Result "1-0"]
[WhiteElo "2440"]
[BlackElo "2179"]
[PlyCount "79"]
[EventDate "2008.11.13"]
[EventType "team-swiss"]
[EventRounds "11"]
[EventCountry "GER"]
[Source "lmi"]
[SourceDate "2008.11.13"]
[WhiteTeam "Estados Unidos"]
[BlackTeam "Uzbekistán"]
[WhiteTeamCountry "USA"]
[BlackTeamCountry "UZB"]

1. d4 d5 2. c4 c6 3. Nf3 e6 4. e3 Nf6 5. b3 Bb4+ 6. Nbd2 Nbd7 7. Bb2 O-O 8. Qc2
Qe7 9. Bd3 b6 10. a3 Bd6 11. e4 e5 12. O-O Bb7 13. exd5 cxd5 14. dxe5 Nxe5 15.
Nxe5 Bxe5 16. Rfe1 Ne4 17. Nxe4 dxe4 18. Bxe4 Bxe4 19. Qxe4 f6 20. Bxe5 fxe5
21. Qxe5 Qxe5 22. Rxe5 Rad8 23. Rae1 Rd2 24. R5e2 Rd3 25. Re3 Rd2 26. f3 Rb2
27. R1e2 Rb1+ 28. Kf2 Rd8 29. b4 Rc1 30. Re7 Rxc4 31. Rxa7 Rc6 32. Ree7 Rg6 33.
g4 h6 34. h4 Rf8 35. Kg3 h5 36. g5 Kh8 37. b5 Rf5 38. a4 Rd6 39. Rad7 Rg6 40.
Rd8+ 1-0

[Event "Olimpiada Dresden 2008 Femenina"]
[Site "Dresden GER"]
[Date "2008.11.23"]
[Round "10.5"]
[White "Tokhirjanova, Hulkar"]
[Black "Goletiani, Rusudan"]
[Result "0-1"]
[WhiteElo "2106"]
[BlackElo "2359"]
[PlyCount "134"]
[EventDate "2008.11.13"]
[EventType "team-swiss"]
[EventRounds "11"]
[EventCountry "GER"]
[Source "lmi"]
[SourceDate "2008.11.13"]
[WhiteTeam "Uzbekistán"]
[BlackTeam "Estados Unidos"]
[WhiteTeamCountry "UZB"]
[BlackTeamCountry "USA"]

1. e4 c5 2. Nf3 e6 3. d4 cxd4 4. Nxd4 a6 5. Bd3 Bc5 6. Nb3 Be7 7. Qg4 g6 8. Qe2
d6 9. O-O Nd7 10. Na3 Qc7 11. Nc4 b6 12. a4 Bb7 13. a5 b5 14. Nb6 Nxb6 15. axb6
Qxb6 16. Na5 Bc8 17. c4 b4 18. Be3 Qc7 19. f4 Bd7 20. e5 Nh6 21. g4 dxe5 22.
fxe5 Bc5 23. Bxc5 Qxc5+ 24. Kh1 O-O 25. h3 Kg7 26. Qe4 Rac8 27. Kh2 Qc7 28. Qf4
Ng8 29. g5 Qb8 30. Nb3 Rc6 31. c5 Qc8 32. Qxb4 Ne7 33. Be4 Nd5 34. Qd4 Kg8 35.
Rfc1 Qd8 36. Qd2 Qb8 37. Bxd5 Qxe5+ 38. Kg1 exd5 39. Nd4 Qg3+ 40. Kh1 Qxh3+ 41.
Qh2 Qe3 42. Qh4 Rc7 43. Rc3 Qe7 44. Re1 Qd8 45. c6 Bc8 46. Rf3 h5 47. Qf4 Bg4
48. Rfe3 Qc8 49. Re5 Rxc6 50. Nxc6 Qxc6 51. Qd4 Rc8 52. R5e3 Qd7 53. Re7 Bf3+
54. Kh2 Qd6+ 55. Qe5 Qxe5+ 56. R1xe5 Rc2+ 57. Kg3 Be4 58. Ra7 Rxb2 59. Re8+ Kg7
60. Raa8 Rg2+ 61. Kh3 Rxg5 62. Rxa6 Rf5 63. Rd8 g5 64. Rdd6 Rf3+ 65. Kh2 h4 66.
Rd8 Rf2+ 67. Kh3 Bf5# 0-1

[Event "Olimpiada Dresden 2008 Femenina"]
[Site "Dresden GER"]
[Date "2008.11.23"]
[Round "10.5"]
[White "Rohonyan, Katerina"]
[Black "Nodirjanova, Nodira"]
[Result "1/2-1/2"]
[WhiteElo "2334"]
[BlackElo "2118"]
[PlyCount "87"]
[EventDate "2008.11.13"]
[EventType "team-swiss"]
[EventRounds "11"]
[EventCountry "GER"]
[Source "lmi"]
[SourceDate "2008.11.13"]
[WhiteTeam "Estados Unidos"]
[BlackTeam "Uzbekistán"]
[WhiteTeamCountry "USA"]
[BlackTeamCountry "UZB"]

1. c4 c5 2. Nc3 Nf6 3. g3 d5 4. cxd5 Nxd5 5. Bg2 Nc7 6. Nf3 Nc6 7. d3 e5 8. Nd2
Bd7 9. O-O Be7 10. Nc4 O-O 11. Bxc6 Bxc6 12. Nxe5 Be8 13. Qb3 Bf6 14. Ng4 Bc6
15. Nxf6+ Qxf6 16. Ne4 Qf5 17. f3 Ne6 18. Be3 b6 19. a4 Bd5 20. Qc3 a5 21. Nd6
Qh5 22. g4 Qg6 23. Qe5 Rad8 24. Nf5 Rfe8 25. Nh4 Qf6 26. Qxf6 gxf6 27. Kf2 Bc6
28. Rg1 Nd4 29. g5 Rxe3 30. gxf6+ Kf8 31. Kxe3 Nc2+ 32. Kf2 Nxa1 33. Nf5 Bxa4
34. Rxa1 Bb3 35. Ke3 Be6 36. Ne7 Rd4 37. Rg1 Ke8 38. Nc6 Rh4 39. Ne5 Kf8 40. f4
Rh6 41. d4 cxd4+ 42. Kxd4 Rxf6 43. e3 Ke7 44. Rc1 1/2-1/2